00738nam a2200229Ia 4500003000900000008004100009040001300050040001300063041000800076100002600084245005500110250001200165260001600177260000900193300001100202300001000213490005400223490000600277942000700283999001700290952020100307IT-RoPAU120407s9999 xx 000 0 und d aIT-RoPAU cIT-RoPAU aita aPier Angelo Gramaglia aIl battesimo dei bambini nei primi quattro secoli. aBrescia aMorcelliana c1973 a245 p. c21 cm a1. Battesimo, Storia, Sec. I-IV L. 3200 v1 cBK c30190d30190 00102ddc406265_100000000000000_471aPAULUSbPAULUSd2012-04-11l0o265.1.4r2012-04-11 00:00:00w2012-04-11yBKzInserito da: Anna In data: 12 settembre 2011 fondo: Via A.Severo 56 Progr:11792